Statistics for Biggest Cities Beginning With 'X'

Click here to take the quiz!

General Stats

  • This quiz has been taken 20 times
  • The average score is 6 of 45

Answer Stats

PopulationCountryCity% Correct
5,403,052ChinaXī'ān
95%
3,662,000ChinaXiàmén
80%
2,214,795ChinaXúzhōu
40%
132,884MozambiqueXai-Xai
25%
424,755MexicoXalapa de Enríquez
25%
1,153,417ChinaXīníng
25%
1,433,057ChinaXiāngyáng
20%
356,352MexicoXico
15%
668,765ChinaXíngtái
15%
1,081,700ChinaXīnxiāng
15%
969,700ChinaXiāngtán
10%
247,539ChinaXīngpíng
10%
236,658ChinaXīnjí
10%
370,963ChinaXīnzhōu
10%
315,058ChinaXuānchéng
10%
841,300ChinaXŭchāng
10%
473,300ChinaXiàngchéng
5%
372,800ChinaXiāngxiāng
5%
340,723ChinaXiánníng
5%
553,029ChinaXiāntáo
5%
835,648ChinaXiányáng
5%
582,403ChinaXiàogăn
5%
338,091ChinaXiàoyì
5%
495,000ChinaXīchāng
5%
214,382ChinaXīlínhàotè
5%
175,761ChinaXindi
5%
178,291ChinaXīngchéng
5%
575,288ChinaXīnghuà
5%
392,000ChinaXīngníng
5%
113,043ChinaXīngrén
5%
371,600ChinaXíngyáng
5%
335,243ChinaXīngyì
5%
195,129ChinaXinhui
5%
194,480ChinaXīnlè
5%
486,300ChinaXīnmì
5%
173,476ChinaXīnmín
5%
672,207ChinaXīntài
5%
892,900ChinaXìnyáng
5%
333,965ChinaXìnyí
5%
402,169ChinaXīnyí
5%
567,820ChinaXīnyú
5%
300,000ChinaXinyuan
5%
594,600ChinaXīnzhèng
5%
122,411ChinaXiulin
5%
584,076ChinaXuānwēi
5%

Score Distribution

Percentile by Number Answered

Percent of People with Each Score

Your Score History

You have not taken this quiz